Leveraging Applications of Formal Methods, Verification and Validation. Applications and Case Studies 5th International Symposium, ISoLA 2012, Heraklion, Crete, Greece, October 15-18, 2012, Proceedings, Part II /

The two-volume set LNCS 7609 and 7610 constitutes the thoroughly refereed proceedings of the 5th International Symposium on Leveraging Applications of Formal Methods, Verification and Validation, held in Heraklion, Crete, Greece, in October 2012. The two volumes contain papers presented in the topic...

Πλήρης περιγραφή

Λεπτομέρειες βιβλιογραφικής εγγραφής
Συγγραφή απο Οργανισμό/Αρχή: SpringerLink (Online service)
Άλλοι συγγραφείς: Margaria, Tiziana (Επιμελητής έκδοσης), Steffen, Bernhard (Επιμελητής έκδοσης)
Μορφή: Ηλεκτρονική πηγή Ηλ. βιβλίο
Γλώσσα:English
Έκδοση: Berlin, Heidelberg : Springer Berlin Heidelberg : Imprint: Springer, 2012.
Σειρά:Lecture Notes in Computer Science, 7610
Θέματα:
Διαθέσιμο Online:Full Text via HEAL-Link
LEADER 08207nam a22005775i 4500
001 978-3-642-34032-1
003 DE-He213
005 20151030081453.0
007 cr nn 008mamaa
008 120928s2012 gw | s |||| 0|eng d
020 |a 9783642340321  |9 978-3-642-34032-1 
024 7 |a 10.1007/978-3-642-34032-1  |2 doi 
040 |d GrThAP 
050 4 |a QA76.758 
072 7 |a UMZ  |2 bicssc 
072 7 |a COM051230  |2 bisacsh 
082 0 4 |a 005.1  |2 23 
245 1 0 |a Leveraging Applications of Formal Methods, Verification and Validation. Applications and Case Studies  |h [electronic resource] :  |b 5th International Symposium, ISoLA 2012, Heraklion, Crete, Greece, October 15-18, 2012, Proceedings, Part II /  |c edited by Tiziana Margaria, Bernhard Steffen. 
264 1 |a Berlin, Heidelberg :  |b Springer Berlin Heidelberg :  |b Imprint: Springer,  |c 2012. 
300 |a XVI, 361 p. 129 illus.  |b online resource. 
336 |a text  |b txt  |2 rdacontent 
337 |a computer  |b c  |2 rdamedia 
338 |a online resource  |b cr  |2 rdacarrier 
347 |a text file  |b PDF  |2 rda 
490 1 |a Lecture Notes in Computer Science,  |x 0302-9743 ;  |v 7610 
505 0 |a Linux Driver Verification (Position Paper).- Bioscientific Data Processing and Modeling.- Using Multiobjective Optimization and Energy Minimization to Design an Isoform-Selective Ligand of the 14-3-3 Protein.- Segmentation for High-Throughput Image Analysis: Watershed Masked Clustering.- Efficient and Robust Shape Retrieval from Deformable Templates.- OWL-DL Domain-Models as Abstract Workflows.- Processes and Data Integration in the Networked Healthcare.- Simple Modeling of Executable Role-Based Workflows: An Application in the Healthcare Domain.- Considerations for Healthcare Applications in a Platform as a Service Environment.- Reha-Sports: The Challenge of Small Margin Healthcare Accounting.- Timing Constraints: Theory Meets Practice.- A Simple and Flexible Timing Constraint Logic.- Generalized Weakly-Hard Constraints.- Modeling a BSG-E Automotive System with the Timing Augmented Description Language.- Formal Analysis of TESLA Protocol in the Timed OTS/CafeOBJ Method.- Formal Specification and Verification of Task Time Constraints for Real-Time Systems.- The WCET Analysis Tool CalcWcet167.- Abstract Execution for Event-Driven Systems – An Application from Automotive/Infotainment Development.- Formal Methods for Intelligent Transportation Systems.- Model-Driven V&V Processes for Computer Based Control Systems: A Unifying Perspective.- Formal Methods in Avionic Software Certification: The DO-178C Perspective.- Product Line Engineering Applied to CBTC Systems Development.- Improving Verification Process in Driverless Metro Systems: The MBAT Project.- Optimising Ordering Strategies for Symbolic Model Checking of Railway Interlockings.- Automated Generation of Safety Requirements from Railway Interlocking Tables.- Distributing the Challenge of Model Checking Interlocking Control Tables.- Quantitative Modelling and Analysis.- Schedulability of Herschel-Planck Revisited Using Statistical Model Checking.- Checking Correctness of Services Modeled as Priced Timed Automata.- Software Aspects of Robotic Systems.- Process-Oriented Geoinformation Systems and Applications.- Concepts and Techniques of an Online 3D Atlas – Challenges in Cartographic 3D Geovisualization.- Handling Heterogeneity in Formal Developments of Hardware and Software Systems -- Formal Verification Tools for DSML Users: A Process Modeling Case Study.- An Ontological Pivot Model to Interoperate Heterogeneous User Requirements. Bioscientific Data Processing and Modeling.- Using Multiobjective Optimization and Energy Minimization to Design an Isoform-Selective Ligand of the 14-3-3 Protein.- Segmentation for High-Throughput Image Analysis: Watershed Masked Clustering.- Efficient and Robust Shape Retrieval from Deformable Templates.- OWL-DL Domain-Models as Abstract Workflows.- Processes and Data Integration in the Networked Healthcare.- Simple Modeling of Executable Role-Based Workflows: An Application in the Healthcare Domain.- Considerations for Healthcare Applications in a Platform as a Service Environment.- Reha-Sports: The Challenge of Small Margin Healthcare Accounting.- Timing Constraints: Theory Meets Practice.- A Simple and Flexible Timing Constraint Logic.- Generalized Weakly-Hard Constraints.- Modeling a BSG-E Automotive System with the Timing Augmented Description Language.- Formal Analysis of TESLA Protocol in the Timed OTS/CafeOBJ Method.- Formal Specification and Verification of Task Time Constraints for Real-Time Systems.- The WCET Analysis Tool CalcWcet167.- Abstract Execution for Event-Driven Systems – An Application from Automotive/Infotainment Development.- Formal Methods for Intelligent Transportation Systems.- Model-Driven V&V Processes for Computer Based Control Systems: A Unifying Perspective.- Formal Methods in Avionic Software Certification: The DO-178C Perspective.- Product Line Engineering Applied to CBTC Systems Development.- Improving Verification Process in Driverless Metro Systems: The MBAT Project.- Optimising Ordering Strategies for Symbolic Model Checking of Railway Interlockings.- Automated Generation of Safety Requirements from Railway Interlocking Tables.- Distributing the Challenge of Model Checking Interlocking Control Tables.- Quantitative Modelling and Analysis.- Schedulability of Herschel-Planck Revisited Using Statistical Model Checking.- Checking Correctness of Services Modeled as Priced Timed Automata.- Software Aspects of Robotic Systems.- Process-Oriented Geoinformation Systems and Applications.- Concepts and Techniques of an Online 3D Atlas – Challenges in Cartographic 3D Geovisualization.- Handling Heterogeneity in Formal Developments of Hardware and Software Systems -- Formal Verification Tools for DSML Users: A Process Modeling Case Study.- An Ontological Pivot Model to Interoperate Heterogeneous User Requirements. 
520 |a The two-volume set LNCS 7609 and 7610 constitutes the thoroughly refereed proceedings of the 5th International Symposium on Leveraging Applications of Formal Methods, Verification and Validation, held in Heraklion, Crete, Greece, in October 2012. The two volumes contain papers presented in the topical sections on adaptable and evolving software for eternal systems, approaches for mastering change, runtime verification: the application perspective, model-based testing and model inference, learning techniques for software verification and validation, LearnLib tutorial: from finite automata to register interface programs, RERS grey-box challenge 2012, Linux driver verification, bioscientific data processing and modeling, process and data integration in the networked healthcare, timing constraints: theory meets practice, formal methods for the developent and certification of X-by-wire control systems, quantitative modelling and analysis, software aspects of robotic systems, process-oriented geoinformation systems and applications, handling heterogeneity in formal development of HW and SW Systems. 
650 0 |a Computer science. 
650 0 |a Software engineering. 
650 0 |a Programming languages (Electronic computers). 
650 0 |a Operating systems (Computers). 
650 0 |a Computers. 
650 0 |a Computer logic. 
650 0 |a Artificial intelligence. 
650 1 4 |a Computer Science. 
650 2 4 |a Software Engineering. 
650 2 4 |a Programming Languages, Compilers, Interpreters. 
650 2 4 |a Operating Systems. 
650 2 4 |a Computation by Abstract Devices. 
650 2 4 |a Logics and Meanings of Programs. 
650 2 4 |a Artificial Intelligence (incl. Robotics). 
700 1 |a Margaria, Tiziana.  |e editor. 
700 1 |a Steffen, Bernhard.  |e editor. 
710 2 |a SpringerLink (Online service) 
773 0 |t Springer eBooks 
776 0 8 |i Printed edition:  |z 9783642340314 
830 0 |a Lecture Notes in Computer Science,  |x 0302-9743 ;  |v 7610 
856 4 0 |u http://dx.doi.org/10.1007/978-3-642-34032-1  |z Full Text via HEAL-Link 
912 |a ZDB-2-SCS 
912 |a ZDB-2-LNC 
950 |a Computer Science (Springer-11645)